000
00162 a2200073 4500
245
_a
G Foundations of GMAT Math
_h
Text
005
20191017173237.0
260
_a
New York
_c
2009
084
_a
QA43.G58
999
_c
9993
_d
9993